000 00401nam a2200181Ia 4500
001 9857
005 20260306161749.0
008 260306t2006||||xx |||||||||||||| ||spa||
041 _aESP
082 _a498.502
_bS71
100 _aSoto Ruiz, Clodoaldo
_eAUT
245 0 _aQuechua
260 _c2006
300 _a441 páginas :
_ccm.
650 _aGEN
654 _aCHU
942 _cLIB
_dJUS
_fJUS
_2ddc
_n
999 _c9857
_d9857